[Event "Oberliga Ost B 2017 2018"]
[Site "Germany"]
[Date "2018.01.21"]
[Round "5.6"]
[White "Krzesinski, Paul"]
[Black "Foermes, Alexander"]
[Result "1/2-1/2"]
[WhiteElo "2087"]
[BlackElo "2066"]
[PlyCount "95"]
[EventDate "2017.10.22"]
[EventType "team-tourn"]
[EventCountry "GER"]
[WhiteTeam "Frankfurter TV"]
[BlackTeam "Marburg SK"]
[WhiteTeamCountry "GER"]
[BlackTeamCountry "GER"]

1. e4 c6 2. d4 d5 3. Nc3 dxe4 4. Nxe4 Bf5 5. Ng3 Bg6 6. Nf3 e6 7. h4 h6 8. h5
Bh7 9. Bd3 Bxd3 10. Qxd3 Nf6 11. Bd2 Be7 12. O-O-O O-O 13. Kb1 c5 14. Ne4 Nc6
15. dxc5 Qxd3 16. Nxf6+ Bxf6 17. cxd3 Rfd8 18. Bc3 Rd5 19. Bxf6 gxf6 20. Rc1
Rxd3 21. Rh4 a5 22. Rf4 Kg7 23. Nh2 Rad8 24. Ng4 R8d4 25. Rxd4 Rxd4 26. Ne3 f5
27. Nc4 Rd5 28. Nd6 Nd8 29. a3 Kf6 30. f4 Ke7 31. Rc3 Kd7 32. b4 axb4 33. axb4
Rd4 34. Rc4 Rd1+ 35. Kc2 Rg1 36. Rd4 Rxg2+ 37. Kc3 Rg3+ 38. Kc4 Ke7 39. b5 Rg1
40. Nc8+ Ke8 41. Nd6+ Ke7 42. Kb4 Ra1 43. Nc4 f6 44. Nb6 e5 45. Rd7+ Ke8 46.
fxe5 fxe5 47. Rd2 Re1 48. Nd5 1/2-1/2

[Event "Oberliga Ost B 2017 2018"]
[Site "Germany"]
[Date "2018.01.21"]
[Round "5.7"]
[White "Heiling, Thomas"]
[Black "Rondonuwu, Grover"]
[Result "1-0"]
[WhiteElo "2217"]
[BlackElo "2098"]
[PlyCount "41"]
[EventDate "2017.10.22"]
[EventType "team-tourn"]
[EventCountry "GER"]
[WhiteTeam "Marburg SK"]
[BlackTeam "Frankfurter TV"]
[WhiteTeamCountry "GER"]
[BlackTeamCountry "GER"]

1. d4 d5 2. c4 c6 3. Nf3 Nf6 4. Nc3 e6 5. e3 Nbd7 6. Bd3 dxc4 7. Bxc4 b5 8. Bd3
a6 9. O-O c5 10. e4 cxd4 11. Nxd4 Bb7 12. Re1 Nc5 13. Bc2 b4 14. Na4 Ncxe4 15.
Be3 Be7 16. f3 Nc5 17. Nxc5 Bxc5 18. Ba4+ Nd7 19. Nxe6 Bxe3+ 20. Rxe3 fxe6 21.
Qd6 1-0

[Event "Oberliga Ost B 2017 2018"]
[Site "Germany"]
[Date "2018.01.21"]
[Round "5.8"]
[White "Schmitt Gaedke, Gernot"]
[Black "Neidhardt, Helge"]
[Result "1/2-1/2"]
[WhiteElo "2201"]
[BlackElo "2087"]
[PlyCount "25"]
[EventDate "2017.10.22"]
[EventType "team-tourn"]
[EventCountry "GER"]
[WhiteTeam "Frankfurter TV"]
[BlackTeam "Marburg SK"]
[WhiteTeamCountry "GER"]
[BlackTeamCountry "GER"]

1. Nf3 d5 2. g3 g6 3. Bg2 Nf6 4. O-O Bg7 5. d3 O-O 6. Nbd2 c5 7. e4 Nc6 8. Re1
dxe4 9. dxe4 e5 10. c3 h6 11. Qe2 Be6 12. Qb5 Qb6 13. Bf1 1/2-1/2

[Event "Oberliga Ost B 2017 2018"]
[Site "Germany"]
[Date "2018.01.21"]
[Round "5.1"]
[White "Lubbe, Nikolas"]
[Black "Mueller, Maximilian"]
[Result "1/2-1/2"]
[WhiteElo "2515"]
[BlackElo "2313"]
[PlyCount "68"]
[EventDate "2017.10.22"]
[EventType "team-tourn"]
[EventCountry "GER"]
[WhiteTeam "Neuberg SF"]
[BlackTeam "Gernsheim SK"]
[WhiteTeamCountry "GER"]
[BlackTeamCountry "GER"]

1. Nf3 Nf6 2. b3 d5 3. Bb2 c5 4. e3 g6 5. Bb5+ Bd7 6. Bxf6 exf6 7. Bxd7+ Qxd7
8. d4 Nc6 9. O-O f5 10. c3 b6 11. Qd3 Bg7 12. Na3 O-O 13. Rfd1 f4 14. exf4 cxd4
15. Nxd4 Nxd4 16. cxd4 Qd6 17. Nb5 Qxf4 18. g3 Qg4 19. Rac1 h5 20. a4 h4 21.
Rc2 hxg3 22. hxg3 Bf6 23. Kg2 Kg7 24. Qe2 Qxe2 25. Rxe2 Rfc8 26. Re3 Rc2 27.
Kf3 a6 28. Rc3 Rc8 29. Rxc8 Rxc8 30. Na3 Rc3+ 31. Ke2 Rxb3 32. Nc2 Rb2 33. Kd3
Ra2 34. Rb1 Bd8 1/2-1/2

[Event "Oberliga Ost B 2017 2018"]
[Site "Germany"]
[Date "2018.01.21"]
[Round "5.2"]
[White "Mazurek, Robert"]
[Black "Lubbe, Melanie"]
[Result "1-0"]
[WhiteElo "2152"]
[BlackElo "2286"]
[PlyCount "67"]
[EventDate "2017.10.22"]
[EventType "team-tourn"]
[EventCountry "GER"]
[WhiteTeam "Gernsheim SK"]
[BlackTeam "Neuberg SF"]
[WhiteTeamCountry "GER"]
[BlackTeamCountry "GER"]

1. d4 Nf6 2. c4 g6 3. Nc3 Bg7 4. e4 d6 5. Be2 O-O 6. f4 c5 7. d5 e6 8. Nf3 exd5
9. exd5 Re8 10. O-O Bf5 11. Bd3 Ne4 12. Nxe4 Bxe4 13. Bxe4 Rxe4 14. Qd3 Qe7 15.
f5 Nd7 16. fxg6 hxg6 17. Bg5 f6 18. Rae1 Re8 19. Bh4 Bh6 20. h3 Kg7 21. Qc3 Re3
22. Qa5 Qe4 23. Qc7 Re7 24. Bf2 Nb6 25. Qxd6 Nxc4 26. Qxc5 b6 27. Qc6 Rxe1 28.
Rxe1 Ne3 29. Qc3 Bf4 30. Kh1 g5 31. d6 g4 32. dxe7 gxf3 33. Bxe3 fxg2+ 34. Kg1
1-0

[Event "Oberliga Ost B 2017 2018"]
[Site "Germany"]
[Date "2018.01.21"]
[Round "5.3"]
[White "Sergin, Mark"]
[Black "Peterson, Emery"]
[Result "0-1"]
[WhiteElo "2192"]
[BlackElo "2165"]
[PlyCount "80"]
[EventDate "2017.10.22"]
[EventType "team-tourn"]
[EventCountry "GER"]
[WhiteTeam "Neuberg SF"]
[BlackTeam "Gernsheim SK"]
[WhiteTeamCountry "GER"]
[BlackTeamCountry "GER"]

1. e4 e6 2. d4 d5 3. Nd2 Nf6 4. e5 Nfd7 5. Bd3 c5 6. c3 Nc6 7. Ngf3 f5 8. exf6
Nxf6 9. O-O Bd6 10. Re1 O-O 11. Nf1 Qc7 12. Bg5 Bd7 13. Bh4 Rae8 14. Bb5 Ne4
15. N1d2 Nxd2 16. Qxd2 cxd4 17. Bg3 dxc3 18. bxc3 Bxg3 19. hxg3 Na5 20. Bxd7
Qxd7 21. Re2 Nc4 22. Qd4 b6 23. Rae1 Rf6 24. Qg4 Rg6 25. Qh3 Rh6 26. Qg4 Rg6
27. Qh3 Rh6 28. Nh4 Qf7 29. f4 Nd6 30. Qg4 Ne4 31. c4 Qf6 32. cxd5 exd5 33. Qd7
Rd8 34. Qxa7 Rf8 35. Qd7 Qd4+ 36. Re3 Nxg3 37. Qg4 Rxh4 38. Qxg3 Rhxf4 39. Qg5
Re4 40. Kh2 Rxe3 0-1

[Event "Oberliga Ost B 2017 2018"]
[Site "Germany"]
[Date "2018.01.21"]
[Round "5.4"]
[White "Rosenberger, Frank"]
[Black "Lutz, Klaus Juergen"]
[Result "0-1"]
[WhiteElo "2110"]
[BlackElo "2258"]
[PlyCount "96"]
[EventDate "2017.10.22"]
[EventType "team-tourn"]
[EventCountry "GER"]
[WhiteTeam "Gernsheim SK"]
[BlackTeam "Neuberg SF"]
[WhiteTeamCountry "GER"]
[BlackTeamCountry "GER"]

1. e4 d6 2. d4 Nf6 3. Nc3 c6 4. f3 Nbd7 5. Be3 e5 6. Nge2 Be7 7. Qd2 O-O 8. g4
b5 9. Ng3 Nb6 10. dxe5 dxe5 11. Qxd8 Rxd8 12. Rd1 Be6 13. Rxd8+ Rxd8 14. b3 Bb4
15. Bd2 a5 16. h4 a4 17. g5 Nfd7 18. Rh2 g6 19. Nd1 Be7 20. Bc3 Ra8 21. Ne3
axb3 22. axb3 Ra2 23. Be2 Bc5 24. Ngf1 Bd4 25. Bd2 Bc5 26. Bc3 Na8 27. Bd1 Nc7
28. Rd2 b4 29. Rxd7 Bxd7 30. Bxe5 Nb5 31. f4 Nc3 32. Bf3 Bh3 33. Kd2 Nb5 34.
Bg4 Bxf1 35. Nxf1 Bd4 36. Bxd4 Nxd4 37. Bd1 Nxb3+ 38. Kd3 Nc5+ 39. Kd4 Ne6+ 40.
Kc4 Ra1 41. Ne3 Nxf4 42. Kxb4 Ng2 43. Nxg2 Rxd1 44. c4 Rd4 45. e5 Kf8 46. Kc5
Re4 47. Kxc6 Rxc4+ 48. Kd5 Rg4 0-1

[Event "Oberliga Ost B 2017 2018"]
[Site "Germany"]
[Date "2018.01.21"]
[Round "5.5"]
[White "Seifert, Christopher"]
[Black "Wenner, Frank"]
[Result "1-0"]
[WhiteElo "2290"]
[BlackElo "2095"]
[PlyCount "73"]
[EventDate "2017.10.22"]
[EventType "team-tourn"]
[EventCountry "GER"]
[WhiteTeam "Neuberg SF"]
[BlackTeam "Gernsheim SK"]
[WhiteTeamCountry "GER"]
[BlackTeamCountry "GER"]

1. c4 Nf6 2. Nc3 g6 3. e4 d6 4. g3 Bg7 5. Bg2 O-O 6. Nge2 c5 7. O-O Nc6 8. d3
Rb8 9. h3 a6 10. Be3 b5 11. b3 b4 12. Na4 Bd7 13. Qd2 Ne8 14. Nb2 Nc7 15. d4
cxd4 16. Nxd4 Ne6 17. Nxe6 fxe6 18. Rad1 Qa5 19. Nd3 Bc3 20. Qc2 e5 21. Nc1 Nd4
22. Qd3 Nf3+ 23. Kh1 Rf7 24. Bh6 Nd4 25. f3 Bc6 26. Rf2 Ne6 27. h4 Bd4 28. Rff1
Ba7 29. Qd2 Qc7 30. Ne2 a5 31. Ng1 Rd8 32. Nh3 Ng7 33. Ng5 Rf6 34. Bh3 Nh5 35.
Kh2 Bd4 36. Ne6 Qb8 37. Bg5 1-0

[Event "Oberliga Ost B 2017 2018"]
[Site "Germany"]
[Date "2018.01.21"]
[Round "5.6"]
[White "Schupp, Uwe"]
[Black "Koller, Jens"]
[Result "1-0"]
[WhiteElo "2128"]
[BlackElo "2199"]
[PlyCount "115"]
[EventDate "2017.10.22"]
[EventType "team-tourn"]
[EventCountry "GER"]
[WhiteTeam "Gernsheim SK"]
[BlackTeam "Neuberg SF"]
[WhiteTeamCountry "GER"]
[BlackTeamCountry "GER"]

1. g3 g6 2. Bg2 Bg7 3. c4 Nf6 4. Nf3 O-O 5. O-O d6 6. Nc3 Nc6 7. d3 e5 8. Rb1
h6 9. b4 Nh7 10. b5 Ne7 11. Qb3 g5 12. Nd2 g4 13. a4 Ng5 14. a5 Rb8 15. Ba3 f5
16. Nd5 c5 17. bxc6 Nxc6 18. Nf6+ Qxf6 19. Bxc6 Rd8 20. c5+ Be6 21. Bd5 dxc5
22. Bxe6+ Nxe6 23. Bxc5 b6 24. axb6 axb6 25. Bxb6 Rdc8 26. Rfc1 Kh7 27. Rxc8
Rxc8 28. Nc4 Ng5 29. Qb5 Qe6 30. Ne3 Nh3+ 31. Kg2 f4 32. Qd5 Qg6 33. Nc4 f3+
34. exf3 gxf3+ 35. Kf1 Ng5 36. Be3 Ne6 37. Rb6 Rd8 38. Qxd8 Nxd8 39. Rxg6 Kxg6
40. Nd2 Kf5 41. Nxf3 Ne6 42. h3 h5 43. Ke2 Bf6 44. Nd2 Be7 45. f3 Nd8 46. g4+
hxg4 47. fxg4+ Kg6 48. Kf3 Kf6 49. Ke4 Ke6 50. Nc4 Nf7 51. d4 exd4 52. Kxd4 Bd8
53. Ke4 Be7 54. Bf4 Bf6 55. Nd2 Nh8 56. Nf3 Ng6 57. Bg3 Kf7 58. Ne5+ 1-0

[Event "Oberliga Ost B 2017 2018"]
[Site "Germany"]
[Date "2018.01.21"]
[Round "5.7"]
[White "Hankel, Dennis"]
[Black "Will, Jens"]
[Result "1/2-1/2"]
[WhiteElo "2128"]
[BlackElo "2012"]
[PlyCount "97"]
[EventDate "2017.10.22"]
[EventType "team-tourn"]
[EventCountry "GER"]
[WhiteTeam "Neuberg SF"]
[BlackTeam "Gernsheim SK"]
[WhiteTeamCountry "GER"]
[BlackTeamCountry "GER"]

1. d4 Nf6 2. Bf4 d5 3. e3 e6 4. Nd2 Bd6 5. Bg3 b6 6. c3 Bb7 7. Ngf3 O-O 8. Bd3
Ne4 9. Qc2 f5 10. Bxd6 Qxd6 11. Ne5 Nxd2 12. Qxd2 Ba6 13. Bxa6 Nxa6 14. f4 Rac8
15. O-O Nb8 16. Rf3 Nd7 17. Qf2 Nxe5 18. fxe5 Qe7 19. Kh1 Rf7 20. Rf1 Rcf8 21.
b4 c6 22. Qc2 b5 23. a4 a6 24. Ra1 Qb7 25. Ra3 f4 26. e4 g5 27. Rf1 Kh8 28. Qe2
h6 29. exd5 cxd5 30. axb5 axb5 31. Qd3 Kg7 32. Ra5 Rc8 33. Rfa1 Rc4 34. Ra6 Qc8
35. Ra7 Rfc7 36. h3 Qb8 37. Rxc7+ Qxc7 38. Ra3 Qb7 39. Kh2 Qc7 40. Qf3 Rc6 41.
Qd3 Rc4 42. Kg1 Qb7 43. Qe2 Qc7 44. Qa2 Qf7 45. Kf2 Rc6 46. Qa1 Qf5 47. Qd1 Kg6
48. Qd2 Qe4 49. Qe2 1/2-1/2

[Event "Oberliga Ost B 2017 2018"]
[Site "Germany"]
[Date "2018.01.21"]
[Round "5.8"]
[White "Di Capua, Francesco Stefano"]
[Black "Drill, Frank"]
[Result "1-0"]
[WhiteElo "1880"]
[BlackElo "2004"]
[PlyCount "93"]
[EventDate "2017.10.22"]
[EventType "team-tourn"]
[EventCountry "GER"]
[WhiteTeam "Gernsheim SK"]
[BlackTeam "Neuberg SF"]
[WhiteTeamCountry "GER"]
[BlackTeamCountry "GER"]

1. e4 Nc6 2. Nf3 d5 3. exd5 Qxd5 4. d4 Bg4 5. Be2 O-O-O 6. c3 Nf6 7. O-O Qh5 8.
h3 e5 9. hxg4 Nxg4 10. Nh4 Qxh4 11. Bxg4+ Kb8 12. g3 Qf6 13. Qf3 exd4 14. Qxf6
gxf6 15. Bf4 Ne5 16. Bxe5 fxe5 17. cxd4 Rxd4 18. Rd1 Bc5 19. Be2 Rb4 20. Nc3
Rxb2 21. Rab1 Rc2 22. Rdc1 Rd2 23. Ne4 Rxe2 24. Nxc5 b6 25. Na6+ Kb7 26. Nxc7
Rc8 27. Nb5 Rxc1+ 28. Rxc1 Rxa2 29. Rc7+ Kb8 30. Rxf7 a6 31. Nd6 b5 32. Rxh7
Rc2 33. Kg2 Rc6 34. Ne4 b4 35. Rh1 Kb7 36. Kf3 a5 37. Ke3 Ka6 38. Kd3 Kb5 39.
Rh5 b3 40. Nc3+ Kb4 41. Rh4+ Ka3 42. Ra4+ Kb2 43. Nd1+ Kb1 44. Rxa5 Rc1 45. Ne3
b2 46. Rxe5 Rc8 47. Nc4 1-0

[Event "Oberliga Ost B 2017 2018"]
[Site "Germany"]
[Date "2018.01.21"]
[Round "5.1"]
[White "Nayhebaver, Martin"]
[Black "Konopka, Michal"]
[Result "1/2-1/2"]
[WhiteElo "2451"]
[BlackElo "2391"]
[PlyCount "99"]
[EventDate "2017.10.22"]
[EventType "team-tourn"]
[EventCountry "GER"]
[WhiteTeam "Kasseler SK"]
[BlackTeam "Schoeneck SF"]
[WhiteTeamCountry "GER"]
[BlackTeamCountry "GER"]

1. e4 e5 2. Nf3 Nf6 3. Nxe5 d6 4. Nf3 Nxe4 5. d4 d5 6. Bd3 Bf5 7. O-O Be7 8.
Re1 O-O 9. c4 Nc6 10. Nc3 Nxc3 11. bxc3 Bxd3 12. Qxd3 dxc4 13. Qxc4 Qd7 14. Rb1
b6 15. Qd3 Rae8 16. Bf4 Bd8 17. Qb5 Nb8 18. Qh5 g6 19. Qh6 Rxe1+ 20. Rxe1 Re8
21. Rc1 f6 22. Be3 Nc6 23. Qf4 Ne7 24. c4 c6 25. Bd2 Nf5 26. Re1 Rxe1+ 27. Bxe1
Bc7 28. Qe4 Nd6 29. Qc2 b5 30. cxb5 Nxb5 31. Qc4+ Qd5 32. Qe2 Kf7 33. Bb4 Qe6
34. Qd2 Bd6 35. Bxd6 Nxd6 36. Qa5 Qd7 37. h3 Nb5 38. Qd2 Qd5 39. a4 Nd6 40. Qf4
Kg7 41. h4 a5 42. Qd2 h5 43. Qc3 Nf5 44. Qb2 Kf7 45. Qb7+ Kg8 46. Qc7 Kh8 47.
Qf4 Kg7 48. Qb8 Kf7 49. Qc7+ Kg8 50. Qb8+ 1/2-1/2

[Event "Oberliga Ost B 2017 2018"]
[Site "Germany"]
[Date "2018.01.21"]
[Round "5.2"]
[White "Marchio, Enrico"]
[Black "Matviishen, Viktor"]
[Result "0-1"]
[WhiteElo "2292"]
[BlackElo "2433"]
[PlyCount "140"]
[EventDate "2017.10.22"]
[EventType "team-tourn"]
[EventCountry "GER"]
[WhiteTeam "Schoeneck SF"]
[BlackTeam "Kasseler SK"]
[WhiteTeamCountry "GER"]
[BlackTeamCountry "GER"]

1. Nf3 Nf6 2. c4 e6 3. Nc3 d5 4. cxd5 exd5 5. d4 c6 6. Bg5 Bf5 7. e3 Nbd7 8.
Be2 Bd6 9. O-O O-O 10. a3 b5 11. Rc1 a5 12. a4 b4 13. Nb1 Rc8 14. Nbd2 Qb6 15.
Bxf6 Nxf6 16. Nb3 Ne4 17. Bd3 Rfe8 18. Nc5 Bg4 19. Qc2 f5 20. Nd2 Bh5 21. f3
Nxd2 22. Qxd2 Bg6 23. f4 Re7 24. Kf2 Rce8 25. Rfe1 Rf8 26. Qc2 Rf6 27. g3 Qd8
28. Nb3 Bc7 29. Nd2 Bh5 30. Be2 Bg4 31. Qd3 Rfe6 32. Bf3 Qe8 33. b3 Qh5 34. h4
h6 35. Bxg4 fxg4 36. Nf1 Rf6 37. Qa6 Qg6 38. Nd2 Kh7 39. Rc5 Qe8 40. Nf1 Re4
41. Rec1 Ree6 42. Qd3+ Kg8 43. R5c2 g5 44. hxg5 hxg5 45. Re2 Qf7 46. Ke1 gxf4
47. gxf4 Rh6 48. Kd2 Qg7 49. Ng3 Rh3 50. Nf5 Qf7 51. Rg1 Qh5 52. Ng3 Qf7 53.
Qf5 Rg6 54. Reg2 Qxf5 55. Nxf5 Kf7 56. Rxg4 Rh2+ 57. Kc1 Rxg4 58. Rxg4 Rh1+ 59.
Kc2 Rh2+ 60. Kd3 Rb2 61. Rg7+ Kf6 62. Rxc7 Rxb3+ 63. Ke2 Kxf5 64. Rxc6 Ra3 65.
Rd6 Ra2+ 66. Kf3 Rxa4 67. Rxd5+ Kf6 68. f5 b3 69. Rb5 Rb4 70. Rxa5 b2 0-1

[Event "Oberliga Ost B 2017 2018"]
[Site "Germany"]
[Date "2018.01.21"]
[Round "5.3"]
[White "Grafl, Florian"]
[Black "Heinatz, Thomas"]
[Result "1-0"]
[WhiteElo "2364"]
[BlackElo "2276"]
[PlyCount "65"]
[EventDate "2017.10.22"]
[EventType "team-tourn"]
[EventCountry "GER"]
[WhiteTeam "Kasseler SK"]
[BlackTeam "Schoeneck SF"]
[WhiteTeamCountry "GER"]
[BlackTeamCountry "GER"]

1. Nc3 d5 2. e4 dxe4 3. Nxe4 Nd7 4. Bc4 Ndf6 5. Qf3 e6 6. d3 Nxe4 7. dxe4 Qd4
8. Bb5+ c6 9. c3 Qf6 10. Bd3 Qxf3 11. Nxf3 Nf6 12. Bg5 Nd7 13. e5 h6 14. Bh4 g5
15. Bg3 Bg7 16. h3 h5 17. Nxg5 h4 18. Bh2 Nxe5 19. Be2 Bd7 20. O-O c5 21. f4
Ng6 22. Ne4 b6 23. f5 exf5 24. Nd6+ Kf8 25. Bc4 Be5 26. Nxf7 Bxh2+ 27. Kxh2 Rh5
28. Rad1 Ba4 29. b3 Bc6 30. Rd6 Ne7 31. Ne5 Be4 32. Rf6+ Ke8 33. Bf7+ 1-0

[Event "Oberliga Ost B 2017 2018"]
[Site "Germany"]
[Date "2018.01.21"]
[Round "5.4"]
[White "Nazarenus, Moritz"]
[Black "Hahn, Markus"]
[Result "1-0"]
[WhiteElo "2241"]
[BlackElo "2281"]
[PlyCount "71"]
[EventDate "2017.10.22"]
[EventType "team-tourn"]
[EventCountry "GER"]
[WhiteTeam "Schoeneck SF"]
[BlackTeam "Kasseler SK"]
[WhiteTeamCountry "GER"]
[BlackTeamCountry "GER"]

1. d4 e6 2. c4 f5 3. g3 Nf6 4. Bg2 c6 5. Nf3 d5 6. O-O Bd6 7. b3 Qc7 8. a4 a5
9. Ba3 Bxa3 10. Nxa3 O-O 11. Nc2 Na6 12. e3 b6 13. Ne5 Bb7 14. Qe2 Rfd8 15.
Rfc1 Rac8 16. Qe1 c5 17. cxd5 Bxd5 18. Qf1 Qb7 19. Nc4 Ne4 20. N2a3 cxd4 21.
exd4 Nb4 22. Nb5 Rc6 23. Ne5 Rxc1 24. Rxc1 Nd2 25. Qd1 Bxg2 26. Qxd2 Bh1 27. f3
Bxf3 28. Rc7 Qe4 29. Nd6 Qe2 30. Rxg7+ Kxg7 31. Qg5+ Kf8 32. Qxd8+ Kg7 33. Qg5+
Kf8 34. Qf6+ Kg8 35. Qf7+ Kh8 36. Qf8# 1-0

[Event "Oberliga Ost B 2017 2018"]
[Site "Germany"]
[Date "2018.01.21"]
[Round "5.5"]
[White "Dovzik, Juri"]
[Black "Schaack, Harry"]
[Result "1/2-1/2"]
[WhiteElo "2304"]
[BlackElo "2207"]
[PlyCount "45"]
[EventDate "2017.10.22"]
[EventType "team-tourn"]
[EventCountry "GER"]
[WhiteTeam "Kasseler SK"]
[BlackTeam "Schoeneck SF"]
[WhiteTeamCountry "GER"]
[BlackTeamCountry "GER"]

1. d4 Nf6 2. Nf3 g6 3. c4 Bg7 4. g3 O-O 5. Bg2 Nc6 6. Nc3 a6 7. O-O Rb8 8. Bf4
d6 9. Rc1 Bf5 10. d5 e5 11. dxc6 exf4 12. cxb7 Rxb7 13. Nd4 Rxb2 14. Nxf5 gxf5
15. gxf4 Ne4 16. Nxe4 fxe4 17. Bxe4 Rxa2 18. Kh1 Qh4 19. Qd3 Ra5 20. Rg1 Qxf4
21. Bxh7+ Kh8 22. Qh3 Qh6 23. Bf5 1/2-1/2

[Event "Oberliga Ost B 2017 2018"]
[Site "Germany"]
[Date "2018.01.21"]
[Round "5.6"]
[White "Everett, Elijah"]
[Black "Bunda, Viktor"]
[Result "1/2-1/2"]
[WhiteElo "2168"]
[BlackElo "2305"]
[PlyCount "78"]
[EventDate "2017.10.22"]
[EventType "team-tourn"]
[EventCountry "GER"]
[WhiteTeam "Schoeneck SF"]
[BlackTeam "Kasseler SK"]
[WhiteTeamCountry "GER"]
[BlackTeamCountry "GER"]

1. e4 d6 2. d4 Nf6 3. Nc3 g6 4. f4 Bg7 5. Nf3 O-O 6. Bd3 Nc6 7. e5 dxe5 8. dxe5
Nd5 9. Nxd5 Qxd5 10. Qe2 Bg4 11. Be4 Qa5+ 12. Bd2 Qb6 13. Bc3 Rad8 14. Qf2 f6
15. Qxb6 cxb6 16. O-O Bxf3 17. Bxf3 fxe5 18. fxe5 Bxe5 19. Bxe5 Nxe5 20. Bxb7
Nc4 21. Rxf8+ Kxf8 22. Rf1+ Kg7 23. b3 Ne3 24. Re1 Rd1 25. Rxd1 Nxd1 26. Bf3
Nc3 27. a4 e5 28. Kf2 e4 29. Be2 Kf6 30. Ke3 Ke5 31. Bc4 g5 32. Bg8 h6 33. Bf7
a5 34. Bg8 h5 35. Bf7 h4 36. Bg8 Nd1+ 37. Ke2 Nc3+ 38. Ke3 Nd1+ 39. Ke2 Nc3+
1/2-1/2

[Event "Oberliga Ost B 2017 2018"]
[Site "Germany"]
[Date "2018.01.21"]
[Round "5.7"]
[White "Kersten, Uwe"]
[Black "Meyer, Kai Christian"]
[Result "1/2-1/2"]
[WhiteElo "2245"]
[BlackElo "2158"]
[PlyCount "39"]
[EventDate "2017.10.22"]
[EventType "team-tourn"]
[EventCountry "GER"]
[WhiteTeam "Kasseler SK"]
[BlackTeam "Schoeneck SF"]
[WhiteTeamCountry "GER"]
[BlackTeamCountry "GER"]

1. e4 c6 2. d4 d5 3. Nc3 dxe4 4. Nxe4 Bf5 5. Ng3 Bg6 6. Bc4 e6 7. Nf3 Nf6 8.
O-O Be7 9. Re1 O-O 10. Ne5 Nbd7 11. Nxg6 hxg6 12. c3 Nb6 13. Bd3 c5 14. dxc5
Bxc5 15. Qf3 Qd5 16. Ne4 Nbd7 17. Bc2 Rad8 18. Qh3 Bb6 19. Ng5 Nc5 20. Qh4
1/2-1/2

[Event "Oberliga Ost B 2017 2018"]
[Site "Germany"]
[Date "2018.01.21"]
[Round "5.8"]
[White "Poetsch, Gero"]
[Black "Warnecke, Tobias"]
[Result "0-1"]
[WhiteElo "1928"]
[BlackElo "2140"]
[PlyCount "56"]
[EventDate "2017.10.22"]
[EventType "team-tourn"]
[EventCountry "GER"]
[WhiteTeam "Schoeneck SF"]
[BlackTeam "Kasseler SK"]
[WhiteTeamCountry "GER"]
[BlackTeamCountry "GER"]

1. e4 c5 2. Nf3 Nc6 3. c3 Nf6 4. e5 Nd5 5. Bb5 e6 6. O-O Be7 7. d4 O-O 8. c4
Nc7 9. dxc5 Bxc5 10. Bxc6 dxc6 11. Nc3 Be7 12. Bf4 b6 13. Qc2 Na6 14. a3 Bb7
15. Ne4 c5 16. Rad1 Bxe4 17. Qxe4 Qc7 18. Ng5 g6 19. Rd3 Rad8 20. Rh3 Rd4 21.
Qe3 Rfd8 22. Qg3 Rd3 23. f3 Qd7 24. Nxf7 Qd4+ 25. Kh1 Rd1 26. Nh6+ Kg7 27. Nf5+
exf5 28. Rxh7+ Kxh7 0-1

[Event "Oberliga Ost B 2017 2018"]
[Site "Germany"]
[Date "2018.01.21"]
[Round "5.2"]
[White "Dubiel, Jacek"]
[Black "Siebarth, Raiko"]
[Result "1-0"]
[WhiteElo "2429"]
[BlackElo "2288"]
[PlyCount "85"]
[EventDate "2017.10.22"]
[EventType "team-tourn"]
[EventCountry "GER"]
[WhiteTeam "Oberursel SV"]
[BlackTeam "Stadtilm SG BW"]
[WhiteTeamCountry "GER"]
[BlackTeamCountry "GER"]

1. e4 c5 2. Nf3 d6 3. d4 cxd4 4. Nxd4 Nf6 5. Nc3 a6 6. Be3 e5 7. Nb3 Be7 8. h3
h5 9. f4 Qc7 10. Qf3 Nbd7 11. O-O-O b5 12. Nd5 Nxd5 13. exd5 Bb7 14. Qf2 Rc8
15. g3 Bf6 16. Kb1 b4 17. Bg2 a5 18. fxe5 Bxe5 19. Nd4 a4 20. Nc6 Bxc6 21. dxc6
Nf6 22. Bd4 O-O 23. Bxe5 dxe5 24. g4 b3 25. cxb3 axb3 26. a3 e4 27. g5 Nh7 28.
Bxe4 Nxg5 29. Bd5 Rfe8 30. Rhf1 Re7 31. h4 Nh7 32. Bxb3 Nf6 33. Qf3 Qb6 34.
Rfe1 Rce8 35. Rxe7 Rxe7 36. Rc1 Qb8 37. Ka2 Qd6 38. Rd1 Qe5 39. Rd8+ Kh7 40.
Qd3+ g6 41. Qd6 Qxd6 42. Rxd6 Kg7 43. Bd5 1-0

[Event "Oberliga Ost B 2017 2018"]
[Site "Germany"]
[Date "2018.01.21"]
[Round "5.3"]
[White "Schneider, Christian"]
[Black "Heinz, Axel"]
[Result "0-1"]
[WhiteElo "2215"]
[BlackElo "2435"]
[PlyCount "60"]
[EventDate "2017.10.22"]
[EventType "team-tourn"]
[EventCountry "GER"]
[WhiteTeam "Stadtilm SG BW"]
[BlackTeam "Oberursel SV"]
[WhiteTeamCountry "GER"]
[BlackTeamCountry "GER"]

1. c4 Nf6 2. g3 e6 3. Bg2 d5 4. Nf3 Be7 5. O-O O-O 6. b3 b6 7. cxd5 exd5 8. Ne5
Bb7 9. d4 Nbd7 10. Bb2 Re8 11. Nd2 c5 12. Ndf3 Ne4 13. Nxd7 Qxd7 14. dxc5 bxc5
15. Nd2 Nf6 16. Rc1 d4 17. Bxb7 Qxb7 18. Ba3 Rac8 19. Rc4 Bf8 20. Re1 Nd5 21.
Qc2 Nb6 22. Qd3 Nxc4 23. Qxc4 Re6 24. Qd3 Rce8 25. Bc1 h5 26. Nf1 Qa6 27. Qxa6
Rxa6 28. a3 g6 29. Nd2 Bh6 30. f4 Re3 0-1

[Event "Oberliga Ost B 2017 2018"]
[Site "Germany"]
[Date "2018.01.21"]
[Round "5.4"]
[White "Schlamp, Robert"]
[Black "Mehlhorn, Uwe"]
[Result "1/2-1/2"]
[WhiteElo "2297"]
[BlackElo "2153"]
[PlyCount "154"]
[EventDate "2017.10.22"]
[EventType "team-tourn"]
[EventCountry "GER"]
[WhiteTeam "Oberursel SV"]
[BlackTeam "Stadtilm SG BW"]
[WhiteTeamCountry "GER"]
[BlackTeamCountry "GER"]

1. e4 d6 2. Nf3 Nf6 3. d3 g6 4. g3 Bg7 5. Bg2 c5 6. O-O Nc6 7. c3 O-O 8. a3 a5
9. a4 Bg4 10. h3 Bxf3 11. Qxf3 Rc8 12. Na3 Nd7 13. Qd1 e6 14. Nb5 Qe7 15. Bf4
e5 16. Bd2 Kh8 17. Qb3 Rfd8 18. f4 exf4 19. Bxf4 Nce5 20. Rad1 g5 21. Bxe5 Nxe5
22. Qd5 Kg8 23. Rf5 Rd7 24. d4 cxd4 25. cxd4 Ng6 26. Rxg5 Bxd4+ 27. Nxd4 Rc5
28. Rxg6+ hxg6 29. Qb3 Qg5 30. Kh2 Qe5 31. Qe3 Rdc7 32. Qf4 Rc4 33. Nb5 R7c5
34. Nc3 Rd4 35. Rxd4 Qxd4 36. Nb5 Qxb2 37. Nxd6 Qb3 38. e5 b6 39. h4 Qe6 40. h5
Rxe5 41. hxg6 fxg6 42. Ne4 Rh5+ 43. Kg1 Kg7 44. Qc7+ Kh6 45. Qc1+ Kg7 46. Qc3+
Qe5 47. Qd3 Rf5 48. g4 Qa1+ 49. Bf1 Rxf1+ 50. Qxf1 Qd4+ 51. Nf2 Qxa4 52. Qd3
Qf4 53. Qd7+ Qf7 54. Qb5 Qe6 55. Kg2 Kh6 56. Kf3 Qf6+ 57. Kg3 Qd6+ 58. Kh4 Kh7
59. Qe8 Qf6+ 60. Kg3 g5 61. Kg2 Kg7 62. Qb5 Qg6 63. Qd5 Kh6 64. Ne4 a4 65. Kh3
a3 66. Ng3 Qf6 67. Nf5+ Kh7 68. Qb7+ Kg6 69. Qc8 Kh7 70. Qc7+ Kg6 71. Ne7+ Kg7
72. Nf5+ Kg6 73. Qc4 Kh7 74. Qc7+ Kg6 75. Qc2 Qh8+ 76. Kg3 Qe5+ 77. Kh3 Qh8+
1/2-1/2